000 00345nam a2200145Ia 4500
100 _aHoward. W sams Ed. staff
650 _aElectrical Engineering
942 _cBK
654 _aT.V.
245 _aColor T.V. training manual
260 _bD.B.Taraporevala & Sons
_aNew Delhi
_c1982
082 _a621.388
300 _a232
546 _aENGLISH
999 _c20149
_d20149